书目信息 |
| 题名: |
建筑玻璃应用技术
|
|
| 作者: | 马眷荣 , 罗忆 , 刘忠伟 编著 | |
| 分册: | ||
| 出版信息: | 北京 化学工业出版社 2005.2 |
|
| 页数: | 544页 | |
| 开本: | 26cm | |
| 丛书名: | ||
| 单 册: | ||
| 中图分类: | TQ172.72 | |
| 科图分类: | ||
| 主题词: | 建筑玻璃--jian zhu bo li | |
| 电子资源: | ||
| ISBN: | 7-5025-6117-X | |
| 000 | 01064nam0 2200301 450 | |
| 000 | 01084nam0 2200301 450 | |
| 000 | 01047nam0 2200289 450 | |
| 000 | 01030nam0 2200289 450 | |
| 000 | 00993nam0 2200277 45 | |
| 001 | 012005000000 | |
| 005 | 20050315101010.0 | |
| 010 | @a7-5025-6117-X@b精装@d65.00CNY | |
| 100 | @a20050315d2005 em y0chiy0121 ea | |
| 101 | @achi | |
| 102 | @aCN@b110000 | |
| 105 | @afk z 000yy | |
| 200 | 1 | @a建筑玻璃应用技术@Ajian zhu bo li ying yong ji shu@f马眷荣,罗忆,刘忠伟编著 |
| 210 | @a北京@c化学工业出版社@d2005.2 | |
| 215 | @a544页@c图@d26cm | |
| 320 | @a有书目(第544页) | |
| 330 | @a本书内容包括:建筑玻璃新概念、玻璃品种、玻璃性能及测试方法、玻璃安装材料、建筑玻璃抗风压性能、建筑玻璃热炸裂性能、建筑门窗、建筑玻璃安装、玻璃幕墙和工程实例。书中还配以大量图表。 | |
| 606 | 0 | @a建筑玻璃@Ajian zhu bo li |
| 690 | @aTQ172.72@v4 | |
| 701 | 0 | @a马眷荣@Ama juan rong@4编著 |
| 701 | 0 | @a罗忆@Aluo yi@4编著 |
| 701 | 0 | @a刘忠伟@Aliu zhong wei@4编著 |
| 801 | 0 | @aCN@bSRXX@c20050315 |
| 905 | @a10447@dTQ172.72@eM078 | |
| 建筑玻璃应用技术/马眷荣,罗忆,刘忠伟编著.-北京:化学工业出版社,2005.2 |
| 544页:图;26cm |
| ISBN 7-5025-6117-X(精装):65.00CNY |
| 本书内容包括:建筑玻璃新概念、玻璃品种、玻璃性能及测试方法、玻璃安装材料、建筑玻璃抗风压性能、建筑玻璃热炸裂性能、建筑门窗、建筑玻璃安装、玻璃幕墙和工程实例。书中还配以大量图表。 |
| ● |
| 相关链接 |
|
|
|
正题名:建筑玻璃应用技术
索取号:TQ172.72/M078
 
预约/预借
| 序号 | 登录号 | 条形码 | 馆藏地/架位号 | 状态 | 备注 |
| 1 | 541335 | 205413355 | 自科库501/501自科库 139排8列6层/ [索取号:TQ172.72/M078] | 在馆 | |
| 2 | 541336 | 205413364 | 自科库501/501自科库 139排8列6层/ [索取号:TQ172.72/M078] | 在馆 | |
| 3 | 541337 | 205413373 | 期刊室512/501自科库 139排8列6层/ [索取号:TQ172.72/M078] | 在馆 |